1372 1728 1916 1084 1703 1214 1016 1266 1142 1881 1343 1234 1207 1928 1887 1815 1962 1582 1582 1166 1925 1215 1160 1850 1659 1576 1275 1588 1214 1190 1364 1359 1547 1202 1608 1413 1750 1473 1109 1214 1052 1771 1600 1811 1874 1915 1005 1564 1215 1682 1135 1354 1723 1797 1151 1601 1800 1532 1731 1214 1344 1843 1403 1903 1172 1441 1680 1193 1623 1235 2000 1978 1208 1199 1853 1543 1543 1547 1792 1564 1034 1272 1800 1116 1455 1197 1188 1254 1685 1334 1868 1735 1263 1356 1732 1019 1924 1481 1757 BCNSPRNW ULIB Ver.6.0+V

เปลี่ยนเป็นภาษาไทย

Change to English
 แสดงรายละเอียดบรรณานุกรม
  กลับหน้าหลัก

Brief Record : Get Marc (ISO 2709) : E-mail record : QR code < ปิดหน้าต่าง
LEADER : 00000nam 2200000uu 4500
001    13399113492
003     ULIB
008    110627s2549||||th 000 0 tha d
020    9789749931920
090    นว.^bอ111ท 2549
100 0  อ.สายสุวรรณ
245 00 เทวดาฝรั่ง กรีก-โรมัน/^cอ.สายสุวรรณ
250    พิมพ์ครั้งที่ 7
260    กรุงเทพฯ :^bอมรินทร์,^c2549
300    318 หน้า
710 1  อมรินทร์
945    ^p250^l0^i021026
995    ทศพร
999 ^a ใช้งานได้ทุกระบบ
รายการนี้ยังไม่มีแท็ก
คุณยังไม่ได้ล็อกอิน คุณสามารถมีกิจกรรมร่วมกับเว็บไซต์ได้ แต่ต้องล็อกอินก่อน ::
  ล็อกอิน

รายการสื่อสารสนเทศ

ลำดับที่ ประเภท เลขเรียก/บาร์โค้ด สถานที่ สถานะ
1. นวนิยาย
นวนิยาย
นว. อ111ท 2549 ฉ.1 
  Barcode: 021026
ห้องสมุดวิทยาเขตสวรรค์ประชารักษ์
►นวนิยาย
บนชั้น
  ขอยืม

BibComment


ยังไม่เคยถูกคอมเมนท์

คอมเมนท์ทรัพยากรรายการนี้
  คอมเมนท์: เทวดาฝรั่ง กรีกโร..


 Copyright 2026. Bcnsprnw @Library